000 00677cam a2200181 4500
001 T100520
008 000000n1957 000 0 eng u
035 _a(Sirsi) u100520
110 _aEngland and Wales
_bLands Tribunal
_91252
245 _aR H Ackland (VO) v Mrs E Shillinglaw; R H Ackland (VO) v Mrs E Shillingham; R H Ackland (VO) v O W Franklin
260 _c1957
520 _aLVC/1257-1259/1957. 18 Dec 1957. Reported in (1957) R&IT 94. Stored in off site storage. Please ask library for further details
650 _aACKLAND V SHILLINGLAW
650 _aACKLAND V FRANKLIN
650 _aRATING APPEALS
690 _aRATING AND VALUATION-CASE LAW
942 _n0
999 _c60132
_d60132